01187nam a2200277 a 450000100100000000500170001000800410002702000150006804000250008304100390010808200160014710000350016324000450019824500860024326000530032930000300038249000490041250000210046150400740048253401120055670000390066883000560070704900090076395201200077299900170089200002317120200930022032.0101129s1986 mx c r 001 0 spa d a9681621980 aDO-SdBNPbspacBNPHU17aspaheng2Código de idiomas MARC annnnbB296u1 aBarzun, Jacques,d1907-94770210aA stroll with William James.lEspañol.10aUn paso con Wiliam James /cJacques Barzun ; traducción de Juan José Utrilla. aMéxico :bFondo de Cultura Económica,c1986. a351 p. :bretr. ;c23 cm.1 aBiblioteca de psicología y psicoanálisis aIncluye índice aIncluye referencias bibliográficas y notas al pie de las páginas. pTítulo originale en inglés.tA stroll with William James.cNueva York : Harper & Row, 1983.z00601509041 aUltrilla, Juan José,etr.947703 0aBiblioteca de psicología y psicoanálisis947704 aBNGR 001052708MOaGRbGRcCTd2010-11-29iLF1l0onnnn B296up23171-10r2020-06-25w2020-06-25y2ZPréstamo interno c22668d22668